| 000 | 00865nam a2200253 a 4500 | ||
|---|---|---|---|
| 001 | ASIN9041123350 | ||
| 005 | 20170105102902.0 | ||
| 008 | 131011s2005 xxu eng d | ||
| 020 |
_a9041123350 (hardcover) _c$144.00 |
||
| 020 | _a9789041123350 (hardcover) | ||
| 040 | _a0 | ||
| 050 | 0 | 4 | _aK1765 |
| 082 | 0 | 4 | _a344.012596 |
| 245 | 1 | 0 |
_aHow to hire and fire in 76 jurisdictions / _cErik Van Emden, Jon Heuvel, Marie-Laure Labat-Oliveau. |
| 260 |
_a[S.l.] : _bKluwer Law International, _c2005. |
||
| 300 |
_a604 p. ; _c24 cm. |
||
| 650 | 0 | _aEmployee selection--Law and legislation | |
| 650 | 0 | _aEmployees--Dismissal of--Law and legislation | |
| 700 | 1 | _aEmden, Erik Van. | |
| 700 | 1 | _aHeuvel, Jon. | |
| 700 | 1 | _aLabat-Oliveau, Marie-Laure. | |
| 856 | 4 | 0 |
_3Amazon.com _uhttp://www.amazon.com/exec/obidos/ASIN/9041123350/chopaconline-20 |
| 942 |
_2ddc _cBK |
||
| 999 |
_c14713 _d14713 |
||